| 000 | 01338nam a2200301 4500 | ||
|---|---|---|---|
| 001 | 0000015516 | ||
| 003 | CO-CtgCURN | ||
| 005 | 20250331183922.0 | ||
| 007 | ta | ||
| 008 | 160627s1992 000 0 eng d | ||
| 020 | _a8448702085 | ||
| 040 |
_aCO-CtgCURN _bspa _ccoctgcurn |
||
| 082 | 0 |
_a262.132 _bO24s |
|
| 100 | 1 | _aOckham, Guillermo. | |
| 245 | 1 | 0 |
_aSobre el gobierno tiranico del Papa / _cGuillermo de Ockham , estudio preliminar, traducción y notas de Pedro Dominguez Santidrian. |
| 260 |
_aBarcelona : _bEdiciones Altaya, _c1992. |
||
| 300 | _a221 p. | ||
| 336 | _2rdacontent | ||
| 337 |
_2rdamedia _asin mediacion _bn |
||
| 338 |
_2rdacarrier _avolumen _bnc |
||
| 490 | 1 |
_aGrandes obras del pensamiento ; _v86 |
|
| 500 | _aTitulo original: Breviloquium de principatu tyrannico super divina humana specialiter autm super imperium et subjectos imperio quibus. | ||
| 505 | 8 | _aOpinion de algunos que opinan no ser licito disputar sobre la protesta del Papa.--El Papa no tiene la plenitud de poder en los asuntos temporales porque no se debe implicar en negocios seculares.--Como se ha de entender que la ley evangelica es la ley de libertad | |
| 650 | 1 | 4 | _aPoder temporal de los Papas. |
| 908 | _a160627 | ||
| 942 |
_cBK _h262.132 _iO24s _2ddc |
||
| 999 |
_c17517 _d17517 |
||